როცა ცდები: თავგადასავალი შეცდომის ზღვარზე (Record no. 1645)

000 -LEADER
fixed length control field 00853nam a22002177a 4500
003 - CONTROL NUMBER IDENTIFIER
control field OSt
005 - DATE AND TIME OF LATEST TRANSACTION
control field 20210427075242.0
008 - FIXED-LENGTH DATA ELEMENTS--GENERAL INFORMATION
fixed length control field 210222s2012 ||||| |||| 00| 0 geo d
020 ## - INTERNATIONAL STANDARD BOOK NUMBER
International Standard Book Number 9789941926013
040 ## - CATALOGING SOURCE
Original cataloging agency eng
Language of cataloging eng
Transcribing agency DLC
041 ## - LANGUAGE CODE
Language code of text/sound track or separate title geo
Language code of original eng
080 ## - UNIVERSAL DECIMAL CLASSIFICATION NUMBER
Universal Decimal Classification number 15
Item number შ--97
100 ## - MAIN ENTRY--PERSONAL NAME
9 (RLIN) 1059
Personal name შულცი, ქეთრინ / Schulz, Kathryn
245 ## - TITLE STATEMENT
Title როცა ცდები: თავგადასავალი შეცდომის ზღვარზე
Remainder of title : Being Wrong: Adventures in the Margin of Error
Statement of responsibility, etc. / by: რადარამი / Radarami
260 ## - PUBLICATION, DISTRIBUTION, ETC.
Place of publication, distribution, etc. თბილისი / Tbilisi
Name of publisher, distributor, etc. Radarami
Date of publication, distribution, etc. 2012
300 ## - PHYSICAL DESCRIPTION
Extent 458 p.
650 #0 - SUBJECT ADDED ENTRY--TOPICAL TERM
9 (RLIN) 134
Topical term or geographic name entry element Psychology
653 ## - INDEX TERM--UNCONTROLLED
Uncontrolled term ფსიქოლოგია
700 ## - ADDED ENTRY--PERSONAL NAME
9 (RLIN) 1062
Personal name Akhobadze, Khatuna / ახობაძე ხათუნა
Relator term Translator
942 ## - ADDED ENTRY ELEMENTS (KOHA)
Source of classification or shelving scheme
Koha item type Books
Holdings
Withdrawn status Lost status Source of classification or shelving scheme Damaged status Not for loan Permanent location Current location Date acquired Inventory number Total Checkouts Full call number Barcode Date last seen Price effective from Koha item type
          Ken Walker International University Ken Walker International University 02/22/2021 1417   15 შ-97 1417 02/22/2021 02/22/2021 Books

Powered by Koha